| 000 | 01109cab a2200277 4500 | ||
|---|---|---|---|
| 001 | ABS49692 | ||
| 008 | 090401t1993 xxu||||| |||| 00| 0 eng d | ||
| 035 | _a(Sirsi) u72378 | ||
| 041 | _aeng | ||
| 245 | _aR v Swansea CC, ex parte Elitestone Ltd | ||
| 260 | _c1993 | ||
| 350 | _a0 | ||
| 490 |
_aEstates Gazette _v(1993) 46 EG 181-184(4) |
||
| 520 | _aCA 5 May 1993. Concerned an area of land, on which stood chalet buildings. The freeholder, who wished to develop the land, appealed against a decision dismissing an application for a judicial review of the council meetings, which designated the area a conservation area. At issue was the observation of Local Government Act 1972 s100B, whether chalets were buildings and if the area was suitable as a conservation area. | ||
| 650 | _aAGENDA | ||
| 650 | _aCHALETS | ||
| 650 | _aCONSERVATION AREAS | ||
| 650 | _aDEFINITION | ||
| 650 | _aDEMOLITION | ||
| 650 | _aLOCAL GOVERNMENT ACT 1972 S100B | ||
| 650 | _aMEETINGS | ||
| 650 | _aPLANNING COMMITTEES | ||
| 690 | _aPLANNING LAW AND PRACTICE-CASE LAW | ||
| 942 | _n0 | ||
| 948 | _c04/03/1997 | ||
| 999 |
_c45725 _d45725 |
||